000 01012cam a22002897a 4500
001 000013249
003 DO-SdBNP
005 20251028140146.0
008 000919s1999 ve ab b 000 0 spa d
020 _a9802480991 (UNELLEZ)
020 _a980379003X (Fundacion Polar)
035 _a(OCoLC)ocm45037949
040 _aDO-SdBNP
_cMOA
_dAGL
_dBNPHU
049 _aBNGR
082 _a333.783
_bP257n
245 0 0 _aParque Nacional Guaramacal /
_ceditado, Nidia L. Cuello A.
260 _aCaracas, (Venezuela) :
_bUNELLEZ :
_bFundación Polar,
_c1999.
300 _axvii, 242 p. :
_bil, maps ;
_c23 cm.
504 _aBibliografía: (p. 203-217).
650 4 _aHistoria natural
_zVenezuela
_925752
651 4 _aParque Nacional Guaramacal
_zVenezuela
_930433
700 1 _aCuello A., Nidia L.,
_eed.
_930434
710 1 _aUniversidad Nacional Experimental de los Llanos Occidentales "Ezequiel Zamora."
_930435
710 1 _aFundación Polar.
_93571
910 _aCatalogación por copia / LC
942 _2ddc
_cLBS1
999 _c12880
_d12880